00638nam a2200193Ia 4500008004100000082001700041100002000058245003000078250000800108260002900116300000800145500002400153650001600177700001500193942000700208952010600215952010600321999001700427230524s9999 xx 000 0 und d a621.382bBAB aT.R.Ganesh Babu 0aLinear Integrated Circuts a1ST aNEW DELHIbScitechc2004 a8.3 aQuantity Number: 2 aElectronics a B.Suseela cBK 00104070aTATCLbTATCLcGENd2023-05-24l0o621.382 BABp6276r2023-05-24w2023-05-24yBKzBCSE3101 00104070aTATCLbTATCLcGENd2023-05-24l0o621.382 BABp6910r2023-05-24w2023-05-24yBKzBCSE3101 c15608d15608